000 00397nam a2200133Ia 4500
005 20260328101455.0
008 260328s9999||||xx |||||||||||||| ||und||
100 _aMinisterio de Obras Públicas
245 0 _aManual de requisitos para la revisión de Planos /
_cMinisterio de Obras Públicas
260 _bCultural Portobelo
300 _a134 p.
650 _aLEYES Y REGLAMENTACIONES
942 _cBK
999 _c8805
_d8805